[Event "NJSK 2019 Meisjes B"]
[Site "Assen, Netherlands"]
[Date "2019.05.04"]
[Round "7.4"]
[White "Tiggelman, Laura"]
[Black "Martinez, Sara"]
[Result "0-1"]
[WhiteElo "1468"]
[BlackElo "1632"]
[PlyCount "106"]
[EventDate "2019.??.??"]

1. e4 e6 2. d3 d5 3. Nd2 Nf6 4. Qe2 Bc5 5. Ngf3 Nc6 6. c3 d4 7. g3 e5 8. Bg2
Bg4 9. O-O O-O 10. h3 Bh5 11. Re1 Qd7 12. Nf1 h6 13. g4 Bxg4 14. hxg4 Nxg4 15.
Bh3 f5 16. exf5 Qxf5 17. N1h2 h5 18. Ng5 Qxf2+ 19. Qxf2 Nxf2 20. Be6+ Kh8 21.
Nf7+ Rxf7 22. Bxf7 Nxd3 23. Re2 Nxc1 24. Rxc1 d3+ 25. Kf1 dxe2+ 26. Kxe2 Rf8
27. Rf1 Bg1 28. Bxh5 Rxf1 29. Nxf1 Kh7 30. Ng3 Bh2 31. Ne4 Kh6 32. Bg4 Ne7 33.
c4 b6 34. b3 Nc6 35. Nc3 Nd4+ 36. Kd3 Kg5 37. Bd7 c6 38. Ke4 Kh4 39. Nd1 g5 40.
Ne3 c5 41. Ng4 Bf4 42. Nxe5 Bxe5 43. Kxe5 g4 44. Ke4 g3 45. Ke3 Nc2+ 46. Ke2
Nb4 47. a4 Nc2 48. Kf3 Nd4+ 49. Kg2 Nxb3 50. Be6 Nd4 51. Bd7 Nc2 52. Be6 Ne3+
53. Kg1 Kg5 0-1